Statistics for Cities in Maine Quiz

Click here to take the quiz!

General Stats

  • This quiz has been taken 20 times
  • The average score is 10 of 23

Answer Stats

PopulationCountyCity% Correct
68,408CumberlandPortland
100%
37,121AndroscogginLewiston
87%
18,899KennebecAugusta
80%
31,753PenobscotBangor
80%
26,498CumberlandSouth Portland
73%
24,061AndroscogginAuburn
67%
20,381YorkSaco
60%
22,552YorkBiddeford
53%
15,828KennebecWaterville
53%
8,797AroostookPresque Isle
47%
21,982YorkSanford
47%
8,766SagadahocBath
33%
7,396AroostookCaribou
33%
8,399HancockEllsworth
33%
7,431PenobscotOld Town
33%
20,400CumberlandWestbrook
33%
6,938WaldoBelfast
27%
3,079WashingtonCalais
27%
1,288WashingtonEastport
27%
6,936KnoxRockland
27%
9,672PenobscotBrewer
13%
5,961KennebecGardiner
7%
2,570KennebecHallowell
7%

Score Distribution

Percentile by Number Answered

Percent of People with Each Score

Your Score History

You have not taken this quiz